| 000 | 00556nam a2200217Ia 4500 | ||
|---|---|---|---|
| 005 | 20260429111933.0 | ||
| 008 | 260429s9999||||xx |||||||||||||| ||und|| | ||
| 020 | _a9788119662708 | ||
| 041 | _aEnglish | ||
| 082 |
_a547 _bSUL |
||
| 100 | _aSultanat | ||
| 245 | 0 |
_aOrganic chemistry, Vol. 1 / _cSultanat |
|
| 250 | _a1st ed. | ||
| 260 |
_aNew Delhi : _bAne Books Pvt. Ltd., _c2023. |
||
| 300 | _axvi, 224 p.; hb | ||
| 440 | _vVol. 1 | ||
| 650 | _a Carbon compounds | ||
| 650 | _a Chemical reactions | ||
| 650 | _aOrganic chemistry | ||
| 942 | _cTB | ||
| 999 |
_c51518 _d51518 |
||